000 01817cam a22004574i 4500
003 PE-LiUPU
005 20250731173412.0
008 150706s2007 cau r 000 0 spa d
020 _a9780789917058
035 _a(Sirsi) i9780789917058
040 _aPE-LiUPU
_bspa
_cPE-LiUPU
_erda
049 _aPRUA
082 0 4 _a249
_bP78
_221
100 1 _aPorras, Sixto ,
_eautor.
245 1 0 _aTraigamos a los pródigos de regreso al hogar /
_cSixto Porras y Rob Parsons.
264 1 _aMiami :
_bUnilit,
_c2007.
300 _a125 páginas ;
_c21 centímetros
336 _atext
_2rdacontent
337 _aunmediated
_2rdamedia
338 _avolume
_2rdacarrier
505 0 _a¿Quiénes son los pródigos? -- Antes de ser pródigos -- Deshágase de la falsa culpa -- Es tiempo de dejar de juzgar y empezar a compartir -- Libere el poder del perdón -- Prepare el hogar para su regreso -- La paciencia para esperar y la gracia pata aceptar -- Tragamos a los pródigos al hogar con oraciones.
526 _aSEG42
526 _aSEG41
526 _aSEG40
526 _aSEG39
526 _aP94
526 _aP87
526 _aP86
526 _aP85
526 _aP77
526 _aP76
526 _aP35
541 _g001-0000558;
650 0 4 _aVida Cristiana
_xRelaciones.
910 _agl
_bjv
_cng
_d20111128
942 _2ddc
_cBOOK
949 _a249 P78
_wDEWEY
_c1
_i64082
_lCCODEBUL1
_mBUL
_p9.00
_r0
_sY
_tBOOK
_u2015-7-6
_xTEOLOGIA
_PP35
_o.STAFF. Colección Teología
994 _aC0
_bPEPRU
596 _a1
999 _a249 P78
_wDEWEY
_c52923
_i64082
_d52923
_e2016-11-9
_f2021-11-10
_g5
_lCCODEBUL1
_mBUL
_n1
_p9.00
_r0
_sY
_tBOOK
_u2015-7-6
_xTEOLOGIA
_PP35
_0COMPRA
_o.STAFF. Colección Teología
980 _81
_gALBERTO SANCHEZ Responsable de Automatización